000
00340nam a2200157Ia 4500
003
OSt
005
20231123065213.0
008
170523s9999 xx 000 0 und d
020
_a
978-81-317-0704-3
040
_c
IIMT
100
_a
STONER- JAMES AF
245
0
_a
MANAGEMENT
260
_b
NEW DELHI PHI
260
_c
1995
942
_2
ddc
_c
02
999
_c
114
_d
114